| 000 | 00932nam a2200277Ia 4500 | ||
|---|---|---|---|
| 003 | OSt | ||
| 005 | 20220925232149.0 | ||
| 006 | a|||||r|||| 00| 0 | ||
| 007 | ta | ||
| 008 | 220923b |||||||| |||| 00| 0 eng d | ||
| 020 |
_a0816633304 _c1301.68 |
||
| 037 |
_b2194/ _26.50, 05/04/2000, Elite _cGeneral Book |
||
| 040 |
_aRTL _cRTL _beng |
||
| 041 |
_2eng _aeng |
||
| 082 | _aY73(P31):47.4498.N9, N9 | ||
| 100 |
_aKrishna Sankaran _9296796 |
||
| 245 | 0 |
_aPostcolonial insecurities _b India Sri Lanka and the question of nationhood |
|
| 260 |
_aMinneapolis _bUniversity of Minnesota press _c1999 |
||
| 300 |
_axxxviii, 316p _ccm. |
||
| 490 | _aBorderlines; V 15 | ||
| 500 | _aBibliography: P 289-307 | ||
| 541 | _26.50, 05/04/2000, Elite | ||
| 650 |
_a Indians _9230751 |
||
| 650 |
_aEthnology _935130 |
||
| 942 |
_hY73(P31):47.4498.N9, N9 _cGB _2CC |
||
| 999 |
_c590484 _d590484 |
||